[Event "6. Lovsprings EMT Basis 5 1994"]
[Site "Ringsted"]
[Date "1994.03.27"]]
[Round "1"]
[White "Astrup, Knud"]
[Black "Nielsen, Poul"]
[Result "1/2-1/2"]
[WhiteElo "1068"]
[BlackElo "1099"]
[PlyCount "91"]
[EventDate "1994.??.??"]

1. d4 d5 2. c4 e6 3. Nc3 g6 4. Nf3 Bg7 5. Bg5 Ne7 6. e3 c6 7. cxd5 exd5 8. Bd3
f6 9. Bh4 Nf5 10. Qc2 Nxh4 11. Nxh4 f5 12. Nf3 Qe7 13. O-O O-O 14. Rfe1 Nd7 15.
Na4 Nf6 16. h3 Ne4 17. Nc5 a6 18. Rab1 Rf6 19. Bxe4 fxe4 20. Nd2 Rf5 21. Qb3
Kh8 22. Qd1 Qh4 23. Qe2 Rg5 24. f4 Rh5 25. Qf2 Bf6 26. Qxh4 Rxh4 27. Kh2 b6 28.
Na4 Rb8 29. b4 Bd7 30. Rbc1 g5 31. fxg5 Bxg5 32. Nf1 Be7 33. a3 Bd6+ 34. Kg1
Bxh3 35. gxh3 Rg8+ 36. Kf2 Rxh3 37. Ke2 Rg2+ 38. Kd1 Rh1 39. Nd2 Rhh2 40. Rc2
Bg3 41. Rf1 Bf2 42. Nb3 Bxe3 43. Rxg2 Rxg2 44. Re1 Bf4 45. Re2 Rg3 46. Kc2
1/2-1/2

[Event "6. Lovsprings EMT Basis 5 1994"]
[Site "Ringsted"]
[Date "1994.03.27"]]
[Round "1"]
[White "Bay Wedel, Freddy"]
[Black "Vilsgaard, Lars"]
[Result "0-1"]
[WhiteElo "1100"]
[BlackElo "1083"]
[PlyCount "42"]
[EventDate "1994.??.??"]

1. e4 e5 2. Nf3 Nc6 3. Bb5 d6 4. Nc3 Nf6 5. O-O Be7 6. Re1 O-O 7. d3 Bd7 8. Nd5
a6 9. Nxe7+ Qxe7 10. Bxc6 Bxc6 11. Bg5 h6 12. Bh4 Rfe8 13. d4 Rad8 14. dxe5
dxe5 15. Qe2 g5 16. Bg3 Nd7 17. Nh4 gxh4 18. Bxh4 Qxh4 19. g3 Qg5 20. f4 exf4
21. g4 Rxe4 0-1

[Event "6. Lovsprings EMT Basis 5 1994"]
[Site "Ringsted"]
[Date "1994.03.27"]]
[Round "1"]
[White "Christensen, Knud"]
[Black "Nikolajsen, Martin"]
[Result "1-0"]
[WhiteElo "1124"]
[BlackElo "1100"]
[PlyCount "87"]
[EventDate "1994.??.??"]

1. d4 d5 2. Nc3 e6 3. e3 Bb4 4. a3 Bxc3+ 5. bxc3 Nf6 6. c4 Ne4 7. c5 O-O 8. Bd3
b6 9. c4 Qf6 10. Nf3 dxc4 11. Bxe4 c6 12. Qc2 Ba6 13. Bxh7+ Kh8 14. Be4 g6 15.
Bb2 bxc5 16. dxc5 e5 17. Bxe5 Nd7 18. Bxf6+ Nxf6 19. Qc3 Kg7 20. Bxc6 Rad8 21.
Ne5 Kh6 22. h4 Ng8 23. g4 f6 24. Nxc4 Rc8 25. Na5 Rfd8 26. Bb7 Bxb7 27. Nxb7
Rd7 28. Nd6 Rxd6 29. Qa5 Rdc6 30. Rc1 Ne7 31. Qxa7 Nd5 32. h5 g5 33. Qf7 f5 34.
Qxf5 Ne7 35. Qe5 Re8 36. f4 gxf4 37. Qxf4+ Kg7 38. Rf1 Nd5 39. Qf7+ Kh6 40.
Qxe8 Ra6 41. Qf8+ Kg5 42. Qf5+ Kh4 43. Kf2 Rf6 44. Rh1# 1-0

[Event "6. Lovsprings EMT Basis 5 1994"]
[Site "Ringsted"]
[Date "1994.03.27"]]
[Round "1"]
[White "Christoffersen, Peter"]
[Black "Danielsen, Laurits"]
[Result "1-0"]
[WhiteElo "1100"]
[BlackElo "1172"]
[PlyCount "71"]
[EventDate "1994.??.??"]

1. e4 e5 2. Nf3 Nc6 3. Bc4 Be7 4. Nc3 d6 5. h3 Nf6 6. O-O a6 7. d4 exd4 8. Nxd4
Ne5 9. Bb3 c5 10. Nf3 c4 11. Nxe5 cxb3 12. Nd3 bxa2 13. Rxa2 Be6 14. Ra1 O-O
15. Qf3 Qd7 16. Qg3 h5 17. Bh6 Bg4 18. Bxg7 Kxg7 19. hxg4 Qxg4 20. Qxg4+ hxg4
21. Rfe1 Nd7 22. Nd5 Bg5 23. Ra5 Bd2 24. Raa1 Bxe1 25. Rxe1 Rac8 26. c3 Ne5 27.
N3f4 Rh8 28. Ne7 Rce8 29. Nf5+ Kf6 30. Nd5+ Kg5 31. Re3 Rh7 32. f4+ gxf3 33.
gxf3 Ng6 34. f4+ Nxf4 35. Rg3+ Kh5 36. Nxf4# 1-0

[Event "6. Lovsprings EMT Basis 5 1994"]
[Site "Ringsted"]
[Date "1994.03.27"]]
[Round "1"]
[White "Dinesen, Henrik"]
[Black "Nielsen, Bo"]
[Result "0-1"]
[WhiteElo "1198"]
[BlackElo "1200"]
[PlyCount "80"]
[EventDate "1994.??.??"]

1. d4 d5 2. Nf3 Nf6 3. c4 Nc6 4. cxd5 Nxd5 5. e4 Nb6 6. Nc3 Bg4 7. Be2 Bxf3 8.
Bxf3 Qxd4 9. Qxd4 Nxd4 10. O-O Nxf3+ 11. gxf3 c6 12. Bf4 e6 13. Rfd1 Be7 14.
Bd6 Nc4 15. Bxe7 Kxe7 16. b3 Ne5 17. Kg2 Rhd8 18. f4 Ng4 19. h3 Nh6 20. Kf3 g6
21. Ne2 Rd7 22. Rxd7+ Kxd7 23. Rd1+ Kc7 24. Ke3 Rd8 25. Rxd8 Kxd8 26. Kd4 Kc7
27. Nc3 Kd6 28. b4 f5 29. e5+ Kc7 30. b5 Kb6 31. bxc6 Kxc6 32. Kc4 a6 33. a4
Ng8 34. Ne2 b5+ 35. axb5+ axb5+ 36. Kb4 Ne7 37. Nd4+ Kd5 38. Nxb5 Nc6+ 39. Kc3
Ke4 40. Nc7 Nd8 0-1

[Event "6. Lovsprings EMT Basis 5 1994"]
[Site "Ringsted"]
[Date "1994.03.27"]]
[Round "1"]
[White "Jensen, Peter Haugaard"]
[Black "Thomsen, Kristian"]
[Result "1-0"]
[WhiteElo "1100"]
[BlackElo "1157"]
[PlyCount "75"]
[EventDate "1994.??.??"]

1. e4 e5 2. Nf3 Nc6 3. Nc3 d6 4. Bb5 Bd7 5. O-O h6 6. d4 exd4 7. Nxd4 Ne5 8.
Qe2 a6 9. Bxd7+ Qxd7 10. Be3 Ne7 11. Rad1 c5 12. Nf3 Qe6 13. Rfe1 Rd8 14. Nd5
Nxd5 15. Rxd5 Be7 16. Nxe5 dxe5 17. Rxd8+ Bxd8 18. b3 Qc6 19. c4 O-O 20. Qh5
Qxe4 21. f3 Qc6 22. Qxe5 Re8 23. Qc3 Qe6 24. Bf2 Qc6 25. Rxe8+ Qxe8 26. Bxc5
Qe2 27. Qa1 a5 28. a3 a4 29. bxa4 Qxc4 30. Qd4 Qc1+ 31. Kf2 Bg5 32. Bb4 Bf6 33.
Qd7 Qb2+ 34. Kg3 Be5+ 35. f4 Qb3+ 36. Kg4 Bf6 37. Qe8+ Kh7 38. Qe4+ 1-0

[Event "6. Lovsprings EMT Basis 5 1994"]
[Site "Ringsted"]
[Date "1994.03.27"]]
[Round "1"]
[White "Olsen, Anders"]
[Black "Schmidt, Hans Christian"]
[Result "0-1"]
[WhiteElo "1100"]
[BlackElo "1095"]
[PlyCount "64"]
[EventDate "1994.??.??"]

1. e4 c5 2. Nf3 Nc6 3. d4 cxd4 4. Nxd4 e5 5. Nxc6 bxc6 6. Nc3 Bb4 7. Bd2 Nf6 8.
a3 Bxc3 9. Bxc3 d6 10. Bd3 O-O 11. h3 Re8 12. O-O Bb7 13. Re1 Qc7 14. Qd2 Qd7
15. b3 Qe7 16. Bb4 c5 17. Bc3 Nh5 18. b4 Nf4 19. Bb5 Red8 20. Bc4 Qg5 21. g3
Nxh3+ 22. Kg2 Nf4+ 23. Kg1 Qg6 24. Bd3 h5 25. Kf1 Nxd3 26. Qxd3 Qe6 27. bxc5
dxc5 28. Qe2 Qh3+ 29. Kg1 Re8 30. Rad1 Rad8 31. Qb5 Bxe4 32. Qf1 Qh1# 0-1

[Event "6. Lovsprings EMT Basis 5 1994"]
[Site "Ringsted"]
[Date "1994.03.27"]]
[Round "1"]
[White "Rasmussen, Kasper"]
[Black "Andersen, Jorgen"]
[Result "0-1"]
[WhiteElo "1000"]
[BlackElo "1171"]
[PlyCount "84"]
[EventDate "1994.??.??"]

1. e4 e5 2. Nf3 Nc6 3. Nc3 Bc5 4. Bc4 h6 5. O-O Nf6 6. d3 O-O 7. Be3 Bb6 8. Bd5
d6 9. Bxc6 bxc6 10. d4 exd4 11. Nxd4 Bxd4 12. Bxd4 Bb7 13. e5 Nd5 14. Qg4 dxe5
15. Bxe5 f6 16. Qe6+ Kh8 17. Bg3 Re8 18. Qf7 Qe7 19. Qg6 Rad8 20. h3 Kg8 21. f3
Qf7 22. Qxf7+ Kxf7 23. Bxc7 Nxc7 24. Rad1 Rxd1 25. Rxd1 Re7 26. Ne4 Kg6 27. Nd6
Ba6 28. Kf2 Re2+ 29. Kg3 Rxc2 30. Rb1 Rd2 31. Ne4 Rc2 32. a3 Nd5 33. b4 Ne3 34.
Nc5 Rxg2+ 35. Kf4 Nd5+ 36. Ke4 Nc3+ 37. Ke3 Nxb1 38. Nxa6 Nxa3 39. Nc5 Nb5 40.
Ne6 Rg3 41. Nf4+ Kf5 42. Ne2 Rxf3+ 0-1

[Event "6. Lovsprings EMT Basis 5 1994"]
[Site "Ringsted"]
[Date "1994.04.03"]]
[Round "2"]
[White "Danielsen, Laurits"]
[Black "Madsen, Martin"]
[Result "1-0"]
[WhiteElo "1172"]
[BlackElo "1046"]
[PlyCount "103"]
[EventDate "1994.??.??"]

1. c4 e5 2. Nc3 Nc6 3. Nf3 Nf6 4. d4 exd4 5. Nxd4 Nxd4 6. Qxd4 d6 7. Bg5 Be7 8.
e3 h6 9. Bxf6 Bxf6 10. Qe4+ Qe7 11. Qc2 Be6 12. Bd3 Bxc3+ 13. Qxc3 O-O 14. b3
c6 15. O-O d5 16. Rfe1 Qg5 17. Bf1 Rfe8 18. a4 Rad8 19. c5 Bh3 20. e4 Be6 21.
Rad1 dxe4 22. Rxd8 Rxd8 23. Rxe4 Rd1 24. b4 Bd5 25. Re8+ Kh7 26. Qc2+ g6 27.
Qxd1 h5 28. Qd4 f6 29. Re7+ Kh6 30. Qe3 Qxe3 31. fxe3 b6 32. Rxa7 bxc5 33. bxc5
g5 34. g3 f5 35. Bg2 Bxg2 36. Kxg2 g4 37. Rc7 Kg5 38. a5 h4 39. gxh4+ Kxh4 40.
a6 Kg5 41. a7 f4 42. exf4+ Kxf4 43. a8=Q Ke4 44. Qxc6+ Kd4 45. Qa4+ Kc3 46. Rd7
g3 47. Qd4+ Kb3 48. Qd3+ Kb4 49. Qd4+ Kb3 50. Rb7+ Kc2 51. Rb2+ Kc1 52. Qd2#
1-0

[Event "6. Lovsprings EMT Basis 5 1994"]
[Site "Ringsted"]
[Date "1994.04.03"]]
[Round "2"]
[White "Jensen, Jan"]
[Black "Hansen, Kenneth"]
[Result "1-0"]
[WhiteElo "1188"]
[BlackElo "1100"]
[PlyCount "85"]
[EventDate "1994.??.??"]

1. e4 e5 2. Nf3 Nc6 3. Nc3 Nf6 4. Bc4 h6 5. d3 Bb4 6. Bd2 d6 7. Nd5 Bc5 8. O-O
Nxd5 9. Bxd5 Bd7 10. Be3 Bxe3 11. fxe3 O-O 12. Rf2 Bg4 13. Qd2 Qf6 14. Raf1 Bh5
15. Nd4 Qg6 16. Nf5 Qg5 17. Ng3 Bg6 18. Bxc6 bxc6 19. Rf3 d5 20. Qf2 dxe4 21.
Nxe4 Qe7 22. Ng3 Rab8 23. b3 a6 24. e4 Rb5 25. a4 Ra5 26. Nf5 Qd7 27. Qd2 Rc5
28. R3f2 Bxf5 29. exf5 Rd5 30. f6 e4 31. fxg7 Re8 32. Qxh6 f6 33. Rxf6 Qxg7 34.
Rg6 Re7 35. Rxg7+ Rxg7 36. Qe6+ Kh7 37. Qxe4+ Rg6 38. Rf7+ Kh6 39. Qf4+ Rdg5
40. h4 Kh5 41. hxg5 Rxg5 42. Rh7+ Kg6 43. Qf7# 1-0

[Event "6. Lovsprings EMT Basis 5 1994"]
[Site "Ringsted"]
[Date "1994.04.03"]]
[Round "2"]
[White "Jensen, Peter Haugaard"]
[Black "Christoffersen, Peter"]
[Result "0-1"]
[WhiteElo "1100"]
[BlackElo "1100"]
[PlyCount "80"]
[EventDate "1994.??.??"]

1. e4 e5 2. Nf3 Nf6 3. d3 Nc6 4. Nc3 d6 5. Bg5 Be7 6. Bxf6 Bxf6 7. Nd5 Bg4 8.
h3 Bxf3 9. Qxf3 Nd4 10. Nxf6+ gxf6 11. Qd1 Qe7 12. Be2 O-O-O 13. O-O Rhg8 14.
c3 Nxe2+ 15. Qxe2 Qe6 16. a4 Qxh3 17. f3 Rg6 18. f4 Rdg8 19. Rf2 Rh6 20. Rf3
Qh1+ 21. Kf2 Rxg2+ 22. Ke3 Rxe2+ 23. Kxe2 Qxa1 24. fxe5 Qxb2+ 25. Ke3 Qc1+ 26.
Kd4 fxe5+ 27. Kc4 Qa3 28. d4 exd4 29. Kxd4 Qxa4+ 30. Kd3 Qd1+ 31. Ke3 Rh2 32.
Kf4 Rh4+ 33. Kg5 Qxf3 34. Kxh4 h5 35. Kg5 Kd7 36. c4 Ke6 37. Kh6 Qg4 38. Kh7
Kf6 39. e5+ dxe5 40. Kh8 Qg7# 0-1

[Event "6. Lovsprings EMT Basis 5 1994"]
[Site "Ringsted"]
[Date "1994.04.03"]]
[Round "2"]
[White "Nielsen, Bo"]
[Black "Andersen, Jorgen"]
[Result "0-1"]
[WhiteElo "1200"]
[BlackElo "1171"]
[PlyCount "68"]
[EventDate "1994.??.??"]

1. e4 e5 2. Nf3 Nc6 3. Bc4 h6 4. Nc3 Nf6 5. O-O Bc5 6. d3 a6 7. Re1 O-O 8. h3
d6 9. a3 Be6 10. Bxe6 fxe6 11. b4 Ba7 12. Be3 Qd7 13. Bxa7 Rxa7 14. Re3 Nd4 15.
Nh4 Qf7 16. Ne2 Nh5 17. Nxd4 Qxf2+ 18. Kh1 Qxe3 19. Nxe6 Ng3+ 20. Kh2 Rf7 21.
Qg4 b6 22. Qxg3 Qxg3+ 23. Kxg3 c5 24. bxc5 bxc5 25. Nd8 Rf6 26. Nc6 Rb7 27. a4
Rb2 28. c4 Rb3 29. Rd1 Rb2 30. Ne7+ Kh7 31. Nhf5 Ra2 32. Nd5 Rg6+ 33. Kf3 Rgxg2
34. Nde3 Raf2# 0-1

[Event "6. Lovsprings EMT Basis 5 1994"]
[Site "Ringsted"]
[Date "1994.04.03"]]
[Round "2"]
[White "Nielsen, Poul"]
[Black "Vilsgaard, Lars"]
[Result "0-1"]
[WhiteElo "1099"]
[BlackElo "1083"]
[PlyCount "132"]
[EventDate "1994.??.??"]

1. e4 e5 2. Nf3 Nc6 3. Bc4 h6 4. O-O Nf6 5. d3 Bc5 6. h3 O-O 7. c3 d6 8. Re1 a6
9. d4 exd4 10. Nxd4 Nxd4 11. cxd4 Bb6 12. b4 Re8 13. Nc3 Be6 14. d5 Bd7 15. Qd3
c6 16. Qg3 Nh5 17. Qf3 Qf6 18. Qxf6 Nxf6 19. Bf4 Bc7 20. Re3 Nh5 21. Bh2 Re7
22. Rae1 Rae8 23. f4 Bb6 24. f5 Bxe3+ 25. Rxe3 Bc8 26. Bxd6 Rd7 27. Bc5 Nf6 28.
Bd4 Kh7 29. Bxf6 gxf6 30. dxc6 bxc6 31. Be2 Rd4 32. a3 Bxf5 33. Bf3 Bg6 34. h4
Kh8 35. Ne2 Rd2 36. Nf4 Bh7 37. Nh5 Re6 38. Nf4 Re5 39. g3 f5 40. Kf1 fxe4 41.
Bh5 Re7 42. Be2 f5 43. Bxa6 Ra7 44. Bc4 Rd1+ 45. Ke2 Ra1 46. b5 cxb5 47. Bxb5
R1xa3 48. Rxa3 Rxa3 49. Kf2 Bg8 50. Bd7 Ra5 51. Ng6+ Kg7 52. Ne7 Bh7 53. Ke3
Kf6 54. Nc6 Ra1 55. Nd4 Ra3+ 56. Kf4 Rd3 57. Bxf5 Bxf5 58. Nxf5 Rf3+ 59. Kxe4
Rxf5 60. g4 Ra5 61. Kf4 Ra4+ 62. Kg3 Ke5 63. h5 Kf6 64. Kh4 Rb4 65. Kg3 Kg5 66.
Kf3 Rxg4 0-1

[Event "6. Lovsprings EMT Basis 5 1994"]
[Site "Ringsted"]
[Date "1994.04.03"]]
[Round "2"]
[White "Nikolajsen, Martin"]
[Black "Dinesen, Henrik"]
[Result "0-1"]
[WhiteElo "1100"]
[BlackElo "1198"]
[PlyCount "44"]
[EventDate "1994.??.??"]

1. e4 c6 2. Nh3 d5 3. d3 dxe4 4. Bf4 exd3 5. Bxd3 Nf6 6. O-O Bxh3 7. Bxb8 Bxg2
8. Kxg2 Rxb8 9. Bf5 e6 10. Qxd8+ Rxd8 11. Bh3 Bc5 12. Na3 O-O 13. Nc4 Rd5 14.
Rfd1 Rfd8 15. Ne5 Rxd1 16. Rxd1 Rxd1 17. Kg3 Rd2 18. Nd3 Ne4+ 19. Kh4 Be7+ 20.
Kh5 g6+ 21. Kg4 Nxf2+ 22. Nxf2 Rxf2 0-1

[Event "6. Lovsprings EMT Basis 5 1994"]
[Site "Ringsted"]
[Date "1994.04.03"]]
[Round "2"]
[White "Schmidt, Hans Christian"]
[Black "Christensen, Knud"]
[Result "0-1"]
[WhiteElo "1095"]
[BlackElo "1124"]
[PlyCount "146"]
[EventDate "1994.??.??"]

1. e4 e5 2. Nf3 Nc6 3. Bb5 a6 4. Ba4 Nf6 5. Nc3 Bc5 6. O-O O-O 7. d3 b5 8. Bb3
Na5 9. Nxe5 Nxb3 10. axb3 Bd4 11. Nf3 c5 12. Ne2 Ne8 13. Nexd4 cxd4 14. Nxd4
Qf6 15. Nf3 d6 16. h3 Qg6 17. Nh4 Qf6 18. Nf3 Qe7 19. Re1 f6 20. Nd4 Bd7 21.
Nf5 Bxf5 22. exf5 Qd7 23. Qf3 Nc7 24. Qg4 Kh8 25. c4 Qc6 26. Be3 Rg8 27. Qd4
Qd7 28. Qf4 Qc6 29. Rac1 b4 30. d4 g5 31. fxg6 Rxg6 32. f3 Rag8 33. Rc2 d5 34.
Kh2 dxc4 35. Rg1 c3 36. bxc3 bxc3 37. Bd2 Nd5 38. Qe4 Re8 39. Qd3 Qd6+ 40. Kh1
cxd2 41. Qxd2 Nf4 42. Qd1 Nh5 43. g4 Nf4 44. h4 Nd5 45. Qc1 Qf4 46. Rc8 Qxf3+
47. Rg2 Qe4 48. Rxe8+ Qxe8 49. h5 Rg5 50. Qf1 Qe6 51. Re2 Qxg4 52. Re8+ Rg8 53.
Rxg8+ Kxg8 54. Qxa6 Qd1+ 55. Kh2 Qxh5+ 56. Kg2 Qd1 57. Kh2 Qxb3 58. Qc8+ Kg7
59. Qg4+ Kf8 60. Qc8+ Kf7 61. Qd7+ Ne7 62. Qa7 Qc2+ 63. Kg1 Qc6 64. Kf2 Ke6 65.
Qa2+ Qd5 66. Qe2+ Kd6 67. Qb2 Nf5 68. Qb8+ Ke6 69. Qg8+ Kd6 70. Qb8+ Ke7 71.
Qa7+ Qd7 72. Qc5+ Nd6 73. Qh5 Qf5+ 0-1

[Event "6. Lovsprings EMT Basis 5 1994"]
[Site "Ringsted"]
[Date "1994.04.03"]]
[Round "2"]
[White "Thomsen, Daniel"]
[Black "Astrup, Knud"]
[Result "0-1"]
[WhiteElo "1100"]
[BlackElo "1068"]
[PlyCount "139"]
[EventDate "1994.??.??"]

1. d4 d5 2. c4 e6 3. Nf3 Nf6 4. Nc3 Nbd7 5. Bg5 c6 6. e3 Qa5 7. a3 Ne4 8. b4
Nxc3 9. bxa5 Nxd1 10. Kxd1 b6 11. axb6 axb6 12. a4 Bb7 13. Bd3 Bd6 14. Ke2 O-O
15. Rhb1 Ra7 16. h3 Rfa8 17. cxd5 cxd5 18. Bc2 Bc6 19. Nd2 Bxa4 20. Bxa4 Rxa4
21. Rxa4 Rxa4 22. e4 dxe4 23. Nxe4 Bc7 24. Be3 Ra8 25. f4 Rb8 26. Nc3 Nf6 27.
Rc1 Bd8 28. Rb1 Kf8 29. g4 h6 30. g5 hxg5 31. fxg5 Nd7 32. h4 g6 33. Rb5 Ra8
34. d5 exd5 35. Nxd5 Ra2+ 36. Kd3 Ra5 37. Rxa5 bxa5 38. Nc3 Ke7 39. Bd2 Kd6 40.
Be3 Nc5+ 41. Kc4 Nb7 42. Nb5+ Kc6 43. Nd4+ Kd7 44. Nb5 Be7 45. Nc3 f6 46. gxf6
Bxf6 47. Bf2 Ke6 48. Ne4 Be7 49. Ng5+ Kf5 50. Nf7 a4 51. Nh6+ Kf4 52. Nf7 Nd6+
53. Nxd6 Bxd6 54. Bg1 Kg4 55. Bf2 Be7 56. Bd4 Kxh4 57. Kd3 g5 58. Ke2 g4 59.
Kf2 Kg5 60. Kg3 Bf6 61. Be3+ Kf5 62. Bc1 Be5+ 63. Kg2 g3 64. Ba3 Ke4 65. Bc1
Kd3 66. Ba3 Kc2 67. Kf3 Kb3 68. Bc5 a3 69. Bxa3 Kxa3 70. Kg2 0-1

[Event "6. Lovsprings EMT Basis 5 1994"]
[Site "Ringsted"]
[Date "1994.04.10"]]
[Round "3"]
[White "Andersen, Jorgen"]
[Black "Christoffersen, Peter"]
[Result "1/2-1/2"]
[WhiteElo "1171"]
[BlackElo "1100"]
[PlyCount "44"]
[EventDate "1994.??.??"]

1. e4 e5 2. Nf3 Nf6 3. Nc3 Nc6 4. Bc4 Bb4 5. d3 h6 6. O-O d6 7. h3 O-O 8. Re1
b6 9. Bd2 Bb7 10. Nd5 Bxd2 11. Qxd2 Na5 12. Nc3 Nxc4 13. dxc4 Nd7 14. Rad1 f5
15. Qe2 fxe4 16. Nxe4 Nf6 17. Nc3 Qe7 18. Nd4 Rf7 19. Nf5 Qe6 20. Nd4 Qd7 21.
Nf3 Bxf3 22. Qxf3 Re8 1/2-1/2

[Event "6. Lovsprings EMT Basis 5 1994"]
[Site "Ringsted"]
[Date "1994.04.10"]]
[Round "3"]
[White "Danielsen, Laurits"]
[Black "Schmidt, Hans Christian"]
[Result "0-1"]
[WhiteElo "1172"]
[BlackElo "1095"]
[PlyCount "70"]
[EventDate "1994.??.??"]

1. d4 d5 2. Nf3 Nf6 3. Nc3 Bf5 4. e3 e6 5. Bd3 Bg4 6. h3 Bh5 7. g4 Nxg4 8. hxg4
Bxg4 9. Rxh7 Rxh7 10. Bxh7 g6 11. Bxg6 fxg6 12. Qd3 Bxf3 13. Qxg6+ Ke7 14. Qg5+
Kd7 15. Qxd8+ Kxd8 16. Ne2 Bxe2 17. Kxe2 c5 18. dxc5 Bxc5 19. b4 Be7 20. b5 Nd7
21. a4 b6 22. Bd2 Rc8 23. c3 Nc5 24. a5 Nb3 25. Ra2 Nxa5 26. Ra4 Rc7 27. e4 Rc4
28. Rxc4 Nxc4 29. exd5 Nxd2 30. Kxd2 exd5 31. Kd3 Kd7 32. c4 Kd6 33. f4 Kc5 34.
cxd5 Kxd5 35. f5 Kc5 0-1

[Event "6. Lovsprings EMT Basis 5 1994"]
[Site "Ringsted"]
[Date "1994.04.10"]]
[Round "3"]
[White "Dinesen, Henrik"]
[Black "Rasmussen, Kasper"]
[Result "1-0"]
[WhiteElo "1198"]
[BlackElo "1000"]
[PlyCount "57"]
[EventDate "1994.??.??"]

1. d4 d5 2. c4 dxc4 3. Qa4+ Bd7 4. Qxc4 Nf6 5. Nc3 e6 6. Nf3 g6 7. Bf4 Bd6 8.
Bxd6 cxd6 9. e3 Nc6 10. Bd3 e5 11. Ng5 Qe7 12. dxe5 dxe5 13. Nge4 Nxe4 14. Nxe4
Be6 15. Qc3 O-O 16. O-O f6 17. Bc4 Bxc4 18. Qxc4+ Kg7 19. h3 f5 20. Nc5 Kf6 21.
Rfd1 b6 22. Rd7 Qxc5 23. Qxc5 bxc5 24. Rd6+ Kg7 25. Rxc6 Kg8 26. Rxc5 Rfe8 27.
Rc7 h6 28. Rac1 Rad8 29. Rxa7 1-0

[Event "6. Lovsprings EMT Basis 5 1994"]
[Site "Ringsted"]
[Date "1994.04.10"]]
[Round "3"]
[White "Jensen, Jan"]
[Black "Astrup, Knud"]
[Result "0-1"]
[WhiteElo "1188"]
[BlackElo "1068"]
[PlyCount "64"]
[EventDate "1994.??.??"]

1. e4 e6 2. Nf3 d5 3. Nc3 Nf6 4. d3 Bb4 5. Bd2 dxe4 6. Nxe4 Bxd2+ 7. Nfxd2 Nc6
8. c3 b6 9. Qf3 Nxe4 10. Nxe4 O-O 11. d4 Bb7 12. Bd3 Rb8 13. O-O Ne7 14. Qh3
Ng6 15. Nd2 f5 16. Nf3 Nf4 17. Qg3 Nxd3 18. Rab1 Be4 19. Nd2 Nxf2 20. Rxf2 Bxb1
21. Nxb1 Qd5 22. a3 c5 23. Rd2 Qe4 24. Rd1 cxd4 25. cxd4 Rbd8 26. Qf2 f4 27.
Nc3 Qc6 28. h3 Rf5 29. Ne2 e5 30. Re1 Qf6 31. dxe5 Rxe5 32. Rf1 Rd2 0-1

[Event "6. Lovsprings EMT Basis 5 1994"]
[Site "Ringsted"]
[Date "1994.04.10"]]
[Round "3"]
[White "Nielsen, Bo"]
[Black "Jensen, Peter Haugaard"]
[Result "1/2-1/2"]
[WhiteElo "1200"]
[BlackElo "1100"]
[PlyCount "117"]
[EventDate "1994.??.??"]

1. e4 e5 2. Nf3 d6 3. Nc3 Nc6 4. Bc4 Qe7 5. d3 Be6 6. Nd5 Bxd5 7. Bxd5 Qd7 8.
Ng5 Nh6 9. Qf3 f6 10. Ne6 Nd4 11. Nxd4 exd4 12. Bxh6 gxh6 13. Bxb7 Rb8 14. e5
d5 15. Bxd5 Rb6 16. O-O fxe5 17. Qh5+ Kd8 18. Qxe5 Bg7 19. Qe4 Rxb2 20. Rab1
Rb6 21. Rxb6 axb6 22. Be6 Qd6 23. Re1 Rf8 24. Qd5 Qxd5 25. Bxd5 Rf5 26. Be4 Re5
27. f4 Re8 28. Kf2 Rh8 29. g4 Bf8 30. Bd5 Bb4 31. Re6 Rf8 32. Kf3 Bd2 33. f5
Kc8 34. f6 Rd8 35. Be4 Kd7 36. Re7+ Kd6 37. Rxh7 Rf8 38. f7 Ke6 39. Bg6 Kf6 40.
Bh5 c5 41. Ke4 Bg5 42. Kd5 Bd2 43. h4 Ba5 44. Rxh6+ Kg7 45. g5 Bb4 46. Rf6 Ba5
47. g6 Kxf6 48. Kd6 Bb4 49. Kc6 Ba5 50. Kb5 Kg7 51. Kc6 Rh8 52. Kd7 Rxh5 53.
Ke7 Rh8 54. a3 b5 55. h5 Bd8+ 56. Kd7 Rf8 57. Kc6 b4 58. a4 b3 59. cxb3 1/2-1/2

[Event "6. Lovsprings EMT Basis 5 1994"]
[Site "Ringsted"]
[Date "1994.04.10"]]
[Round "3"]
[White "Nielsen, Poul"]
[Black "Bay Wedel, Freddy"]
[Result "1-0"]
[WhiteElo "1099"]
[BlackElo "1100"]
[PlyCount "69"]
[EventDate "1994.??.??"]

1. e4 e5 2. Nf3 Nc6 3. Bc4 Nf6 4. d3 h6 5. O-O Bc5 6. h3 Qe7 7. c3 d6 8. b4 d5
9. exd5 e4 10. dxc6 exf3 11. Re1 Be6 12. Bxe6 fxe6 13. bxc5 fxg2 14. Qa4 O-O
15. Qc4 Qf7 16. cxb7 Rae8 17. Ba3 Nd7 18. Re2 Qh5 19. Qg4 Qd5 20. Qe4 Qh5 21.
Kxg2 Nxc5 22. Bxc5 Qg5+ 23. Kf1 Qxc5 24. Qd4 Qc6 25. Qe4 Qb6 26. Na3 c6 27. Nc4
Qc7 28. Rb1 Rb8 29. Qxe6+ Kh8 30. Ne5 Rf6 31. Qd7 Qa5 32. Ng6+ Rxg6 33. Re8+
Rxe8 34. Qxe8+ Kh7 35. b8=Q 1-0

[Event "6. Lovsprings EMT Basis 5 1994"]
[Site "Ringsted"]
[Date "1994.04.10"]]
[Round "3"]
[White "Olsen, Anders"]
[Black "Nikolajsen, Martin"]
[Result "1-0"]
[WhiteElo "1100"]
[BlackElo "1100"]
[PlyCount "41"]
[EventDate "1994.??.??"]

1. e4 e5 2. Nf3 Nc6 3. Bc4 Bc5 4. d3 h6 5. a3 Qf6 6. O-O Qg6 7. Bb5 Nd4 8. Nxe5
Qe6 9. Nf3 Qg4 10. Nbd2 Nf6 11. c3 Nxf3+ 12. Nxf3 O-O 13. Bc4 d6 14. d4 Bb6 15.
e5 Nh5 16. h3 Qe4 17. Ng5 Qg6 18. Bd3 Bf5 19. Bxf5 Qxf5 20. Qxh5 Qxg5 21. Bxg5
1-0

[Event "6. Lovsprings EMT Basis 5 1994"]
[Site "Ringsted"]
[Date "1994.04.10"]]
[Round "3"]
[White "Thomsen, Kristian"]
[Black "Hansen, Kenneth"]
[Result "0-1"]
[WhiteElo "1157"]
[BlackElo "1100"]
[PlyCount "84"]
[EventDate "1994.??.??"]

1. d4 d5 2. Nf3 Nf6 3. Bf4 Nc6 4. e3 Bg4 5. a3 e6 6. Nbd2 Be7 7. h3 Bh5 8. Bd3
O-O 9. g4 Bg6 10. Bxg6 fxg6 11. Ng5 Qd7 12. c4 dxc4 13. Nxc4 Nd5 14. Bg3 Bxg5
15. Qb3 b6 16. Qb5 Be7 17. O-O Bd6 18. f4 Rae8 19. Rac1 Rd8 20. Nxd6 Qxd6 21.
Rxc6 Qd7 22. Qc4 Nxe3 23. Qxe6+ Qxe6 24. Rxe6 Nxf1 25. Kxf1 Rxd4 26. Re7 Rd3
27. Be1 Rf3+ 28. Ke2 R3xf4 29. Bc3 R4f7 30. Re6 Rf2+ 31. Kd3 R2f3+ 32. Kc4 Rxh3
33. Re7 Rxc3+ 34. Kxc3 Rf4 35. Rxc7 a5 36. Rb7 a4 37. Rxb6 Rxg4 38. Rb8+ Kf7
39. Rb4 h5 40. Kd3 Kf6 41. Ke3 Ke5 42. Kf3 Rxb4 0-1

[Event "6. Lovsprings EMT Basis 5 1994"]
[Site "Ringsted"]
[Date "1994.04.10"]]
[Round "3"]
[White "Vilsgaard, Lars"]
[Black "Christensen, Knud"]
[Result "1/2-1/2"]
[WhiteElo "1083"]
[BlackElo "1124"]
[PlyCount "47"]
[EventDate "1994.??.??"]

1. e4 g6 2. d4 Bg7 3. Nf3 d6 4. h3 Nf6 5. Nc3 O-O 6. Bg5 c5 7. dxc5 dxc5 8.
Qxd8 Rxd8 9. Bd3 b6 10. O-O Nc6 11. Rfe1 e5 12. Nd5 Rd6 13. Bxf6 Bxf6 14. Bb5
Nd4 15. Nxd4 cxd4 16. Nxf6+ Rxf6 17. Rad1 Be6 18. b3 Rc8 19. Rd2 Rc5 20. Bd3 a5
21. a4 g5 22. f3 h5 23. Rf1 h4 24. Kh2 1/2-1/2

[Event "6. Lovsprings EMT Basis 5 1994"]
[Site "Ringsted"]
[Date "1994.04.24"]]
[Round "4"]
[White "Christensen, Knud"]
[Black "Christoffersen, Peter"]
[Result "1/2-1/2"]
[WhiteElo "1124"]
[BlackElo "1100"]
[PlyCount "84"]
[EventDate "1994.??.??"]

1. e4 e6 2. Nf3 c5 3. d4 cxd4 4. Qxd4 Nc6 5. Qd1 g6 6. Bc4 Bg7 7. O-O Nge7 8.
Re1 O-O 9. c3 a6 10. a4 Qc7 11. Qd3 Ne5 12. Nxe5 Bxe5 13. g3 Nc6 14. b4 Nxb4
15. Qe2 b6 16. Ba3 a5 17. Rc1 Re8 18. Bb3 Nc6 19. Ra2 Bb7 20. Rd2 Bg7 21. Bd6
Qd8 22. Rcd1 Bc8 23. e5 Bf8 24. Na3 Ra7 25. Nb5 Ba6 26. Bc4 Bxb5 27. Bxb5 Qc8
28. Bxf8 Kxf8 29. Qe3 Re7 30. Qxb6 Qc7 31. Qxc7 Rxc7 32. Bxc6 dxc6 33. f4 Rb7
34. Rd8+ Re8 35. R8d3 c5 36. Kg2 Rb2+ 37. R1d2 Rxd2+ 38. Rxd2 Rb8 39. h4 Rb3
40. Rd8+ Ke7 41. Ra8 Rxc3 42. Rxa5 h5 1/2-1/2

[Event "6. Lovsprings EMT Basis 5 1994"]
[Site "Ringsted"]
[Date "1994.04.24"]]
[Round "4"]
[White "Hansen, Kenneth"]
[Black "Danielsen, Laurits"]
[Result "0-1"]
[WhiteElo "1100"]
[BlackElo "1172"]
[PlyCount "60"]
[EventDate "1994.??.??"]

1. e4 Nc6 2. Nf3 d6 3. Nc3 e5 4. Bb5 Bd7 5. d4 a6 6. Ba4 exd4 7. Nxd4 Ne5 8.
Bxd7+ Qxd7 9. O-O Be7 10. Bd2 Nf6 11. Qe2 O-O 12. Nd5 Rae8 13. b3 b5 14. Qe3
Neg4 15. Qg3 c6 16. Nxe7+ Rxe7 17. h3 Ne5 18. Bh6 Ng6 19. Bxg7 Nxe4 20. Qg4 f5
21. Nxf5 Rxf5 22. Bb2 d5 23. Rae1 Ref7 24. c4 Qa7 25. Re2 Rxf2 26. Rfxf2 Rxf2
27. Qe6+ Rf7+ 28. Kh2 Qc7+ 29. Kg1 Qf4 30. Re1 Qf2+ 0-1